All Songs on Lover by Taylor Swift - Statistics

General Stats
  • This quiz has been taken 82 times
  • The average score is 14 of 18
Answer Stats
Answer % Correct
Lover
100%
The Man
92%
Cruel Summer
88%
Daylight
83%
Cornelia Street
81%
The Archer
81%
ME!
79%
You Need to Calm Down
79%
I Forgot that You Existed
73%
Paper Rings
73%
Miss Americana and The Heartbreak Prince
71%
It's Nice To Have A Friend
69%
London Boy
69%
Afterglow
65%
False God
65%
Soon You'll Get Better
65%
Death By A Thousand Cuts
63%
I Think He Knows
58%
No matching quizzes found
Score Distribution
Percent of People with Each Score
Percentile by Number Answered
Your Score History
You have not taken this quiz